| 000 | nam a22 7a 4500 | ||
|---|---|---|---|
| 999 |
_c21276 _d21276 |
||
| 008 | 170121b xxu||||| |||| 00| 0 eng d | ||
| 050 | _aRG 1 .A44 2004 | ||
| 245 | _aObstertrics & gynecology/ | ||
| 260 |
_aHagerstown ; _bLippincott Williams & Wilkins, Inc., _c2004. |
||
| 300 |
_a1474[50]p. : _bcol. ill. ; _c28 cm. |
||
| 440 |
_aObstertrics & gynecology _nNo. 6 _vVolume 104 |
||
| 650 | _aGynecology | ||
| 942 |
_2lcc _cBOOKS _hRG 1 .A44 2004 |
||